000 00653cam a2200217Ia 4500
020 _a0333538501
040 _cVXG
041 1 _hfre
082 _aCTA FOO 1992 C077 Or.
100 1 _aBorget, M.
245 1 0 _aFood legumes /
300 _aviii, 103 pages :
_billustrations ;
_c22 cm
490 1 _aTropical agriculturalist
500 _a"Original French edition published in 1989 under the title Les legumineuses vivri©·res"--T.p. verso
650 0 _aLegumes
650 0 _aLegumes
650 0 _aLegumes
650 0 _aLegumes as food.
710 2 _aTechnical Centre for Agricultural and Rural Cooperation (Ede, Netherlands)
942 _cAEDBB
999 _c21383
_d21383